| 000 | 00512nam a2200193Ia 4500 | ||
|---|---|---|---|
| 005 | 20250508154357.0 | ||
| 008 | 008 250505s9999 xx 000 0 eng d | ||
| 037 | _aTextual | ||
| 040 |
_aFEDL _beng _cFEDL |
||
| 041 |
_aeng _2eng |
||
| 084 |
_a330.18, HIC _qFEDL |
||
| 100 | _aHicks John | ||
| 245 | 0 | _aCapital and growth | |
| 260 |
_aLondon, UK _bOxford University Press _c1965 |
||
| 300 | _axii,343p. | ||
| 650 | _aEconomics | ||
| 942 |
_cTEXL _h330.18, HIC |
||
| 999 |
_c1349815 _d1349815 |
||